Регионална библиотека "Любен Каравелов" - Русе

Недостатъци в характера на детето (Запис номер 86222)

MARC детайли
000 -Лидер
Контролно поле с фиксирана дължина 01945nam a2200409 c 4500
003 - Код на организацията, давaща контролен номер
Контролно поле BLK
005 - Дата и час на последна редакция
Контролно поле 20241025101451.0
008 - Елементи от данни с фиксирана дължина
fixed length control field 180408b bul|||||r ||||||| ||bul||
010 ## - Наследен системен номер
LC control number KNG00090842000
020 ## - Международен стандартен номер на книга ISBN
Международен стандартен номер на книга ISBN 978-954-8582-30-8
-- издат.: Сириус-4
040 ## - Източник на каталожния запис
Идентификатор на билиотеката - собственик на записа BLK
041 ## - Код за език
Код за езика на текст/звукозапис или на отделно заглавие Български
Код за езика КДБФ Български
080 ## - УДК
Текстов определител УДК Психология на детската възраст. Интелектуално развитие на децата. Психически особености. Детски представи, описани в разкази
УДК код - определител по УДК 159.922.7
УДК определител (035)
УДК - код + определител 159.922.7(035)
080 ## - УДК
Текстов определител УДК Индивидуална психология. Психология на личността. Индивидуалност. Психология на характера. Характерология. Психологическа типология
УДК код - определител по УДК 159.923
УДК определител -053.2(035)
УДК - код + определител 159.923-053.2(035)
100 1# - Редна дума - Автор
Автор Шолц, Фридрих
Авторска отговорност първи автор
R(LIN) 302159
139 ## - Редно поле
Редна дума Шолц, Фридрих
Авторски знак Шоло - Ш 83
245 10 - Сведения за заглавието
Заглавие Недостатъци в характера на детето
Подзаглавни данни Психол. изследване : Ръководство
Редно поле (дума) Фридрих Шолц.
257 ## - Страна на издаване
Страна на създаване/издаване Германия
260 ## - Област на издателските данни
-- В. Търново
Име на издателя, разпространителя и проч. Сириус-4
Година на издаване 2009
300 ## - Физическа характеристика
Страници 140 с.
Размери/Мащаб 21 см
380 ## - Жанр
Жанр Философия
500 ## - Общи забележки
Забележка Без сведение за ориг. загл.
590 ## - Забележки на библиотеката, притежаваща документа (RLIN)
Служебно ф
650 #4 - Допълнително описание по предмет – тема
Основно описание – тема или топоним Психология, детска
9 (RLIN) 260666
650 #4 - Допълнително описание по предмет – тема
Основно описание – тема или топоним Индивидуална психология
9 (RLIN) 264106
650 #4 - Допълнително описание по предмет – тема
Основно описание – тема или топоним Характер
9 (RLIN) 176356
653 ## - Ключова дума – ненормативна
Ключова дума детска психология
653 ## - Ключова дума – ненормативна
Ключова дума психология на личността
653 ## - Ключова дума – ненормативна
Ключова дума характер
653 ## - Ключова дума – ненормативна
Ключова дума ръководства
852 ## - Местоположение
Форматна сигнатура Цб 244931
856 4# - Електронен адрес и достъп
Електронен формат pdf - файл
Път до файла /url/
856 4# - Електронен адрес и достъп
Електронен формат pdf - файл
Път до файла /url/
942 ## - АРТИКУЛИ
Вид на библиотечния материал Книги
Скрит в OPAC Не
Koha issues (borrowed), all copies 5
944 ## - СЪЗДАВАНЕ И РЕДАКЦИЯ на ЗАПИСА
Създаване/Редакция Създаване
Дата на регистрацията/редакция 14.08.2009
Статус, дата на статуса Цветелина Шанова
Служител, извършил регистрацията/редакцията 30531
944 ## - СЪЗДАВАНЕ И РЕДАКЦИЯ на ЗАПИСА
Създаване/Редакция Редакция
Дата на регистрацията/редакция 06.12.2012
Статус, дата на статуса ф /
Служител, извършил регистрацията/редакцията
999 ## - СИСТЕМНИ КОНТРОЛНИ НОМЕРА
Koha biblionumber 86222
Koha biblioitemnumber 86222
Наличности
Код за отписване Код за изгубен артикул Код за повреда Коз за рестрикции Код за отдаване Артикулен № Име на библиотеката - собственик Име на библиотеката, в която се намира в момента Статус (Текущо местоположение) Дата на вписване в системата Местоположение - отдел Цена в лева Инвентарен номер Систематично азбучна сигнатура Баркод Номер на екземпляра Цена в евро Служебна бележка Служебен тип на артикула Източник на класификационната схема
  Не е изгубен Не е повреден без рестрикции ползва се в читалня 139714 Регионална библиотека "Любен Каравелов" Русе Регионална библиотека "Любен Каравелов" Русе Читалня 2009-08-14 Читалня 12.80 120000737344 Ч 159.9/Ш 83 120000737344 1 6.54 Дост: Pk Вид: Ф N: 19172 Дата: 06.08.2009 Дата инв: 21.03.2017 Бележки инв: Ч2017 Книги  
  Не е изгубен Не е повреден без рестрикции ползва се в читалня 139715 Регионална библиотека "Любен Каравелов" Русе Регионална библиотека "Любен Каравелов" Русе Хранилище 2012-10-11 Хранилище 12.80 120000760313 Цб 244931 120000760313 2 6.54 Дост: Dp Вид: Д N: 34 Дата: 22.08.2011 Книги  
  Не е изгубен Не е повреден без рестрикции заемане за дома 139716 Регионална библиотека "Любен Каравелов" Русе Регионална библиотека "Любен Каравелов" Русе Заемна - подръчен фонд 2012-11-26 Заемна - подръчен фонд 12.80 120000761703 159.922.7/Ш 83 Ф 120000761703 3 6.54 Дост: Pk Вид: Ф N: 322 Дата: 19.11.2012 Дата инв: 01.02.2018 Бележки инв: П2018 Книги Universal Decimal Classification
  Не е изгубен Не е повреден без рестрикции заемане за дома 139717 Регионална библиотека "Любен Каравелов" Русе Регионална библиотека "Любен Каравелов" Русе Заемна - подръчен фонд 2012-11-26 Заемна - подръчен фонд 12.80 120000761704 159.922.7/Ш 83 120000761704 4 6.54 Дост: Pk Вид: Ф N: 322 Дата: 19.11.2012 Дата инв: 01.02.2018 Бележки инв: П2018 Книги Universal Decimal Classification
Vip Innovations Ltd, Rousse, Bulgaria 2025